|
|
|
|
| LEADER |
03712nam a22005535i 4500 |
| 001 |
978-3-642-15240-5 |
| 003 |
DE-He213 |
| 005 |
20151204150031.0 |
| 007 |
cr nn 008mamaa |
| 008 |
100807s2010 gw | s |||| 0|eng d |
| 020 |
|
|
|a 9783642152405
|9 978-3-642-15240-5
|
| 024 |
7 |
|
|a 10.1007/978-3-642-15240-5
|2 doi
|
| 040 |
|
|
|d GrThAP
|
| 050 |
|
4 |
|a QA76.6-76.66
|
| 072 |
|
7 |
|a UM
|2 bicssc
|
| 072 |
|
7 |
|a COM051000
|2 bisacsh
|
| 082 |
0 |
4 |
|a 005.11
|2 23
|
| 245 |
1 |
0 |
|a Theoretical Computer Science
|h [electronic resource] :
|b 6th IFIP TC 1/WG 2.2 International Conference, TCS 2010, Held as Part of WCC 2010, Brisbane, Australia, September 20-23, 2010. Proceedings /
|c edited by Cristian S. Calude, Vladimiro Sassone.
|
| 264 |
|
1 |
|a Berlin, Heidelberg :
|b Springer Berlin Heidelberg,
|c 2010.
|
| 300 |
|
|
|a XII, 388 p.
|b online resource.
|
| 336 |
|
|
|a text
|b txt
|2 rdacontent
|
| 337 |
|
|
|a computer
|b c
|2 rdamedia
|
| 338 |
|
|
|a online resource
|b cr
|2 rdacarrier
|
| 347 |
|
|
|a text file
|b PDF
|2 rda
|
| 490 |
1 |
|
|a IFIP Advances in Information and Communication Technology,
|x 1868-4238 ;
|v 323
|
| 505 |
0 |
|
|a Convexity, Duality and Effects -- A Calculus for Power-Aware Multicast Communications in Ad Hoc Networks -- The Coarsest Precongruences Respecting Safety and Liveness Properties -- Entropy and Attack Models in Information Flow -- Safe Equivalences for Security Properties -- On Probabilistic Alternating Simulations -- Probabilistic Mobility Models for Mobile and Wireless Networks -- On Packing Splittable Items with Cardinality Constraints -- Deterministic Computations in Time-Varying Graphs: Broadcasting under Unstructured Mobility -- Slicing Behavior Tree Models for Verification -- Optimization of the Anisotropic Gaussian Kernel for Text Segmentation and Parameter Extraction -- Online Dictionary Matching for Streams of XML Documents -- The Duality of Computation under Focus -- Polarized Resolution Modulo -- A Logic on Subobjects and Recognizability -- Terminating Tableaux for with Number Restrictions on Transitive Roles -- Proof System for Applied Pi Calculus -- Concurrent Pattern Calculus -- Initial Segment Complexities of Randomness Notions -- Topologies Refining the Cantor Topology on X ? -- On Symbolic Representations of Maximum Matchings and (Un)directed Graphs -- Traceable Sets -- Approximating the Non-contiguous Multiple Organization Packing Problem -- Improving the Competitive Ratios of the Seat Reservation Problem -- A Semiring-Based Trace Semantics for Processes with Applications to Information Leakage Analysis -- A Game-Theoretic Approach to Routing under Adversarial Conditions -- An Operational Model for Multiprocessors with Caches.
|
| 650 |
|
0 |
|a Computer science.
|
| 650 |
|
0 |
|a Computer communication systems.
|
| 650 |
|
0 |
|a Software engineering.
|
| 650 |
|
0 |
|a Computer programming.
|
| 650 |
|
0 |
|a Computers.
|
| 650 |
|
0 |
|a Algorithms.
|
| 650 |
|
0 |
|a Computer logic.
|
| 650 |
1 |
4 |
|a Computer Science.
|
| 650 |
2 |
4 |
|a Programming Techniques.
|
| 650 |
2 |
4 |
|a Computer Communication Networks.
|
| 650 |
2 |
4 |
|a Software Engineering/Programming and Operating Systems.
|
| 650 |
2 |
4 |
|a Algorithm Analysis and Problem Complexity.
|
| 650 |
2 |
4 |
|a Logics and Meanings of Programs.
|
| 650 |
2 |
4 |
|a Computation by Abstract Devices.
|
| 700 |
1 |
|
|a Calude, Cristian S.
|e editor.
|
| 700 |
1 |
|
|a Sassone, Vladimiro.
|e editor.
|
| 710 |
2 |
|
|a SpringerLink (Online service)
|
| 773 |
0 |
|
|t Springer eBooks
|
| 776 |
0 |
8 |
|i Printed edition:
|z 9783642152399
|
| 830 |
|
0 |
|a IFIP Advances in Information and Communication Technology,
|x 1868-4238 ;
|v 323
|
| 856 |
4 |
0 |
|u http://dx.doi.org/10.1007/978-3-642-15240-5
|z Full Text via HEAL-Link
|
| 912 |
|
|
|a ZDB-2-SCS
|
| 950 |
|
|
|a Computer Science (Springer-11645)
|